Essentials of Accounting (Record no. 3585)

MARC details
005 - DATE AND TIME OF LATEST TRANSACTION
control field 20250610092952.0
020 ## - INTERNATIONAL STANDARD BOOK NUMBER
International Standard Book Number 0-13-223353-3
082 ## - DEWEY DECIMAL CLASSIFICATION NUMBER
Classification number 657 ANT
100 ## - MAIN ENTRY--PERSONAL NAME
Author name ANTHONY, N. Robert
245 ## - TITLE STATEMENT
Title Essentials of Accounting
250 ## - EDITION STATEMENT
Edition statement 9th Edition
260 ## - PUBLICATION, DISTRIBUTION, ETC.
Place of publication, distribution, etc. New Jersey
Name of publisher, distributor, etc. Pearson Education International
300 ## - PHYSICAL DESCRIPTION
Extent v;120p.
Other physical details Glossary
Dimensions 27 cm
700 ## - ADDED ENTRY--PERSONAL NAME
Other authors/Editors Leslie K. Breitner
942 ## - ADDED ENTRY ELEMENTS (KOHA)
Source of classification or shelving scheme Dewey Decimal Classification
Koha item type Books

No items available.